| 000 | 00677nam a22001937a 4500 | ||
|---|---|---|---|
| 999 |
_c170903 _d170903 |
||
| 005 | 20191230131058.0 | ||
| 010 | _aA-645052 | ||
| 020 |
_c20.00 _a- |
||
| 035 | _aA-645052 | ||
| 037 | _bBPPD | ||
| 082 | _a843.08 | ||
| 100 | _aو ہا ب ا شر فی | ||
| 245 |
_aر ا جند ر سنگھ بيد ی کی ا فسا نہ نگا ر ی _cو ہا ب ا شر فی |
||
| 246 |
_aRajinder Singh Bedi Ki Afsana Nigari (Urdu) _bby Wahab Ashrafi |
||
| 260 |
_a- _c1994 ء _bEducational Publishing House |
||
| 270 |
_a3108,Gali Azizuddin,Kucha Pandit,Lal Kuan _bDelhi _k526162 _e110006 |
||
| 300 |
_a87 ص _c22 cm(hb) |
||
| 942 |
_2ddc _cUR _h843.08 _mب ے د |
||